Music Quiz

Random Music or Song Quiz

Arctic Monkeys Songs Quiz Stats

 Plays Quiz not verified by Sporcle

Support Sporcle.
Go Orange.
Score 0/66 Timer 10:00
0 Plays Today
% Correct
Mardy Bum
79.1%
Teddy Picker
74.1%
Teddy Picker
74.1%
Brianstorm
70.9%
Brianstorm
70.9%
When the Sun Goes Down
69.9%
When the Sun Goes Down
69.9%
I Bet You Look Good on the Dancefloor
68.4%
I Bet You Look Good on the Dancefloor
68.4%
Crying Lightning
67.7%
505
67.4%
The View From The Afternoon
63.5%
The View from the Afternoon
63.5%
Fake Tales of San Francisco
62.8%
A Certain Romance
62.8%
Fluorescent Adolescent
62.4%
Fluorescent Adolescent
62.4%
Riot Van
62.1%
Cornerstone
59.2%
Dancing Shoes
58.9%
D is for Dangerous
58.5%
Balaclava
57.1%
My Propeller
57.1%
Old Yellow Bricks
56%
From the Ritz to the Rubble
55.7%
Still Take You Home
55.3%
Dangerous Animals
48.9%
Do Me a Favour
48.6%
Pretty Visitors
48.2%
The Bad Thing
47.2%
This House is a Circus
46.8%
Only Ones Who Know
46.1%
Red Light Indicates Doors Are Secured
44%
% Correct
The Jeweller's Hands
44%
Dance Little Liar
42.9%
Leave Before the Lights Come On
42.9%
If You Were There, Beware
41.5%
Secret Door
41.1%
Fire and the Thud
39.7%
Perhaps Vampires Is a Bit Strong But
39%
Potion Approaching
39%
Who the **** Are Arctic Monkeys?
39%
No Buses
38.7%
You Probably Couldn't See for the Lights but You Were Staring Straight at Me
38.3%
Cigarette Smoker Fiona
37.2%
Bigger Boys and Stolen Sweethearts
30.1%
Despair in the Departure Lounge
29.1%
The Bakery
29.1%
Baby I'm Yours
28.7%
Nettles
24.5%
Temptation Greets You Like Your Naughty Friend
23.8%
Plastic Tramp
23%
Too Much to Ask
20.9%
Da Frame 2R
20.2%
Matador
19.1%
Red Right Hand
19.1%
Chun Li's Spinning Bird Kick
19.1%
Put Your Dukes Up John
18.8%
What If You Were Right the First Time
17%
Stickin' to the Floor
15.6%
The Death Ramps
15.6%
If You Found This It's Probably Too Late
14.9%
Bad Woman
14.2%
Sketchead
12.4%
I Haven't Got My Strange
10.6%
7
9.9%

You're not logged in!

Compare scores with friends on all Sporcle quizzes.
OR
Log In

From the Vault

Top 20 Most Prominent Languages

by popestcyril

Here's a new way to look at language: global influence.
Remove Ads.
Support Sporcle.
Get the best of Sporcle when you Go Orange. This ad-free experience offers more features, more stats, and more fun while also helping to support Sporcle. Thank you for becoming a member.

Show Comments

Extras

Top Quizzes Today


Score Distribution

Your Account Isn't Verified!

In order to create a playlist on Sporcle, you need to verify the email address you used during registration. Go to your Sporcle Settings to finish the process.

Report this User

Report this user for behavior that violates our Community Guidelines.

Details: